Tiếng Việt 4

Sách bao gồm các bài tập đọc, chính tả, luyện từ và câu, kể chuyện tập đọc, tập làm văn, trong mỗi bài giúp các giáo viên có thể rèn luyện kỹ năng và học tập tốt hơn cho học sinh.

Đã lưu trong:
书目详细资料
主要作者: Nguyễn, Minh Thuyết
格式: 图书
语言:Undetermined
出版: Hà Nội Giáo dục Việt Nam 2010
主题:
标签: 添加标签
没有标签, 成为第一个标记此记录!
Thư viện lưu trữ: Trung tâm Học liệu Trường Đại học Cần Thơ
LEADER 00932nam a2200217Ia 4500
001 CTU_159685
008 210402s9999 xx 000 0 und d
020 |c 13200 
082 |a 372.6 
082 |b Th528/T.2/L.4 
100 |a Nguyễn, Minh Thuyết 
245 0 |a Tiếng Việt 4 
245 0 |c Nguyễn Minh Thuyết (Chủ biên) 
260 |a Hà Nội 
260 |b Giáo dục Việt Nam 
260 |c 2010 
520 |a Sách bao gồm các bài tập đọc, chính tả, luyện từ và câu, kể chuyện tập đọc, tập làm văn, trong mỗi bài giúp các giáo viên có thể rèn luyện kỹ năng và học tập tốt hơn cho học sinh. 
650 |a Vietnamese language 
650 |x Teacher book,Study and teaching (Elementary) 
904 |i Loan (Ngọc Mai), Mỹ Lệ 
980 |a Trung tâm Học liệu Trường Đại học Cần Thơ